[Event "Voronezh op-A 23rd"]
[Site "Voronezh"]
[Date "2019.06.20"]
[Round "8"]
[White "Odegov, Artem"]
[Black "Okrugin, Sergey"]
[Result "1/2-1/2"]
[WhiteElo "2208"]
[BlackElo "2326"]
[PlyCount "66"]
[EventDate "2019.06.12"]
[EventType "swiss"]
[EventRounds "9"]
[EventCountry "RUS"]
[SourceTitle "EXT 2020"]
[Source "ChessBase"]
[SourceDate "2019.10.17"]
[SourceVersion "1"]
[SourceVersionDate "2019.10.17"]
[SourceQuality "1"]

1. d4 Nf6 2. c4 e6 3. Nc3 Bb4 4. g3 c5 5. Nf3 Ne4 6. Qd3 Qa5 7. Qxe4 Bxc3+ 8. Bd2 Bxd2+ 9. Nxd2 cxd4 10. Qxd4 0-0 11. Bg2 Nc6 12. Qd6 Qe5 13. Qxe5 Nxe5 14. f4 Ng4 15. Bf3 Nf6 16. e4 d6 17. 0-0-0 e5 18. Nb1 Be6 19. b3 Rfd8 20. Nc3 Ne8 21. Rd2 f6 22. Kb2 Kf8 23. h4 Nc7 24. f5 Bf7 25. g4 Rab8 26. Be2 a6 27. a4 Be8 28. Rhd1 Ke7 29. a5 Bf7 30. Na4 Be8 31. Nc3 Bf7 32. Na4 Be8 33. Nc3 Bf7 1/2-1/2

[Event "Voronezh op-A 23rd"]
[Site "Voronezh"]
[Date "2019.06.19"]
[Round "7"]
[White "Okrugin, Sergey"]
[Black "Klimentov, Roman"]
[Result "1-0"]
[WhiteElo "2326"]
[BlackElo "2163"]
[PlyCount "81"]
[EventDate "2019.06.12"]
[EventType "swiss"]
[EventRounds "9"]
[EventCountry "RUS"]
[SourceTitle "EXT 2020"]
[Source "ChessBase"]
[SourceDate "2019.10.17"]
[SourceVersion "1"]
[SourceVersionDate "2019.10.17"]
[SourceQuality "1"]

1. e4 c5 2. Nc3 d6 3. Nf3 Nf6 4. d4 cxd4 5. Nxd4 e6 6. g3 Be7 7. Bg2 0-0 8. 0-0 Nc6 9. Re1 Nxd4 10. Qxd4 Bd7 11. Qd3 Bc6 12. Bf4 Qb6 13. a4 a6 14. Bxd6 Bxd6 15. Qxd6 Qxb2 16. Qc5 Nd7 17. Qc4 Qb6 18. Nd5 Qd8 19. Qb4 Re8 20. Red1 b6 21. Qd6 Rc8 22. Nb4 Nb8 23. Qxb8 Rxb8 24. Rxd8 Rbxd8 25. Nxc6 Rd2 26. c4 Rc2 27. Bf1 f5 28. exf5 exf5 29. Nd4 Rb2 30. Nxf5 Rd8 31. a5 bxa5 32. Rxa5 Rdd2 33. c5 Rxf2 34. c6 Rfc2 35. Rxa6 Rc1 36. Ne3 Kf7 37. Ra7+ Kg6 38. c7 Rb6 39. Nc4 Rf6 40. c8Q Rcxf1+ 41. Kg2 1-0

[Event "RUS-ch Higher League 71st"]
[Site "Yaroslavl"]
[Date "2018.07.04"]
[Round "8"]
[White "Bykov, Egor"]
[Black "Okrugin, Sergey"]
[Result "1-0"]
[WhiteElo "2373"]
[BlackElo "2334"]
[PlyCount "127"]
[EventDate "2018.06.26"]
[EventType "swiss"]
[EventRounds "9"]
[EventCountry "RUS"]
[SourceTitle "CBM 185"]
[Source "ChessBase"]
[SourceDate "2018.07.13"]
[SourceVersion "1"]
[SourceVersionDate "2018.07.13"]
[SourceQuality "1"]

1. d4 Nf6 2. c4 e6 3. Nf3 b6 4. g3 Bb7 5. Bg2 Be7 6. 0-0 0-0 7. Nc3 Ne4 8. Bd2 Bf6 9. Rc1 c5 10. d5 exd5 11. cxd5 Nxd2 12. Nxd2 d6 13. Re1 Re8 14. Nde4 Be7 15. f4 Nd7 16. a3 a6 17. b4 cxb4 18. axb4 Rc8 19. Qd3 b5 20. Nd2 Bf6 21. Nce4 Nb6 22. Rxc8 Bxc8 23. Nxf6+ Qxf6 24. e4 g5 25. Rf1 gxf4 26. gxf4 Kh8 27. Kh1 Rg8 28. Nb3 Qg7 29. Qd4 f6 30. Rg1 Nc4 31. Bf1 Qh6 32. Rxg8+ Kxg8 33. Bxc4 bxc4 34. Qxc4 Bh3 35. Qd3 Kf7 36. Nd2 Qxf4 37. Qxh3 Qxd2 38. Qxh7+ Kf8 39. Qh8+ Kf7 40. Qh5+ Ke7 41. Qh7+ Kf8 42. Qg6 Qxb4 43. Qxf6+ Ke8 44. Qe6+ Kd8 45. h4 Kc7 46. h5 a5 47. h6 a4 48. Qe7+ Kb6 49. h7 Qe1+ 50. Kg2 Qe2+ 51. Kg3 Qe3+ 52. Kg4 Qe2+ 53. Kg5 Qg2+ 54. Kf6 Qf3+ 55. Ke6 Qxe4+ 56. Kxd6 Qb4+ 57. Kd7 Qb5+ 58. Ke6 Qe2+ 59. Kd6 Qh2+ 60. Kd7 Kb5 61. Kc8 a3 62. Qe8+ Kb6 63. Qc6+ Ka5 64. Qc7+ 1-0

[Event "Russia Central-ch"]
[Site "Pushchino"]
[Date "2013.03.24"]
[Round "9"]
[White "Arbuzov, Ivan"]
[Black "Okrugin, Sergey"]
[Result "1/2-1/2"]
[WhiteElo "2180"]
[BlackElo "2345"]
[PlyCount "21"]
[EventDate "2013.03.16"]
[EventType "swiss"]
[EventRounds "9"]
[EventCountry "RUS"]
[SourceTitle "EXT 2014"]
[Source "ChessBase"]
[SourceDate "2013.11.20"]
[SourceVersion "1"]
[SourceVersionDate "2013.11.20"]
[SourceQuality "1"]

1. d4 Nf6 2. Nf3 e6 3. e3 b6 4. Be2 Bb7 5. 0-0 Be7 6. c4 0-0 7. Nc3 d5 8. cxd5 exd5 9. b3 c5 10. Bb2 Nc6 11. Rc1 1/2-1/2

[Event "Kostroma Volga Cup op"]
[Site "Kostroma"]
[Date "2010.07.??"]
[Round "5"]
[White "Vinogradov, Anatoly"]
[Black "Okrugin, Sergey"]
[Result "0-1"]
[WhiteElo "1994"]
[BlackElo "2381"]
[PlyCount "92"]
[EventDate "2010.07.??"]
[EventType "swiss"]
[EventRounds "9"]
[EventCountry "RUS"]
[SourceTitle "EXT 2011"]
[Source "ChessBase"]
[SourceDate "2010.11.26"]
[SourceVersion "1"]
[SourceVersionDate "2010.11.26"]
[SourceQuality "1"]

1. f4 c5 2. e3 Nf6 3. Nf3 g6 4. b3 Bg7 5. Bb2 0-0 6. Be2 Nc6 7. 0-0 d6 8. Bb5 Bd7 9. d3 e5 10. fxe5 Nxe5 11. Nxe5 Bxb5 12. Nf3 d5 13. Na3 Ba6 14. c4 b6 15. Nc2 dxc4 16. dxc4 Qe7 17. Bxf6 Bxf6 18. Rb1 Bb7 19. Qe2 Be4 20. Rbd1 Rfe8 21. Na3 a6 22. Nd2 Bf5 23. e4 Bd4+ 24. Kh1 Bxe4 25. Nxe4 Qxe4 26. Qd2 Rad8 27. Rde1 Qh4 28. g3 Qg4 29. Nc2 Re4 30. Kg2 Rde8 31. Nxd4 cxd4 32. Rxe4 Qxe4+ 33. Kg1 d3 34. Qf2 Qe6 35. Rd1 Qd6 36. Rd2 Re4 37. Kg2 Qe5 38. h4 Re3 39. a3 h6 40. Qf4 Re2+ 41. Rxe2 Qxe2+ 42. Qf2 Qc2 43. Kf3 d2 44. Qxb6 d1Q+ 45. Kf4 Qf5+ 46. Ke3 Qdd3# 0-1

[Event "Voronezh op-A 14th"]
[Site "Voronezh"]
[Date "2010.06.21"]
[Round "9"]
[White "Okrugin, Sergey"]
[Black "Tomnikova, Lidia"]
[Result "1-0"]
[WhiteElo "2399"]
[BlackElo "2116"]
[PlyCount "81"]
[EventDate "2010.06.12"]
[EventType "swiss"]
[EventRounds "9"]
[EventCountry "RUS"]
[SourceTitle "CBM 137 Extra"]
[Source "ChessBase"]
[SourceDate "2010.09.01"]
[SourceVersion "1"]
[SourceVersionDate "2010.09.01"]
[SourceQuality "1"]

1. e4 e5 2. Nf3 Nc6 3. Bb5 a6 4. Ba4 Nf6 5. 0-0 Be7 6. Re1 b5 7. Bb3 0-0 8. d3 d6 9. c3 Na5 10. Bc2 c5 11. Nbd2 Re8 12. Nf1 Bf8 13. Bg5 h6 14. Bh4 Be7 15. d4 Qc7 16. Ne3 g6 17. Bg3 Bf8 18. Nd5 Nxd5 19. exd5 Bg4 20. dxe5 dxe5 21. Rxe5 Rxe5 22. Bxe5 Bd6 23. Bxd6 Qxd6 24. h3 Bxf3 25. Qxf3 Rd8 26. Rd1 Nc4 27. b3 Nb6 28. Qe3 Kh7 29. Be4 c4 30. b4 Rd7 31. Bf3 Na4 32. Qd4 Re7 33. g3 Re5 34. Kg2 Nb2 35. Rd2 Nd3 36. Be4 f5 37. Bxd3 Rxd5 38. Qa7+ Kh8 39. Re2 Qc6 40. Kh2 cxd3 41. Re7 1-0

[Event "Central FO-ch"]
[Site "Gagarin"]
[Date "2009.05.03"]
[Round "4"]
[White "Okrugin, Sergey"]
[Black "Kulicov, Oleg Anatolie"]
[Result "1/2-1/2"]
[WhiteElo "2369"]
[BlackElo "2414"]
[PlyCount "20"]
[EventDate "2009.05.01"]
[EventType "swiss"]
[EventRounds "9"]
[EventCountry "RUS"]
[SourceTitle "CBM 130 Extra"]
[Source "ChessBase"]
[SourceDate "2009.07.02"]
[SourceVersion "2"]
[SourceVersionDate "2009.07.15"]
[SourceQuality "1"]

1. e4 e5 2. Nf3 Nf6 3. Nxe5 d6 4. Nf3 Nxe4 5. Qe2 Qe7 6. d3 Nf6 7. Bg5 Qxe2+ 8. Bxe2 Be7 9. Nc3 0-0 10. 0-0-0 h6 1/2-1/2

[Event "Kostroma Volga Cup op"]
[Site "Kostroma"]
[Date "2008.07.??"]
[Round "3"]
[White "Okrugin, Sergey"]
[Black "Gordievsky, Dmitry"]
[Result "1/2-1/2"]
[WhiteElo "2354"]
[BlackElo "2201"]
[PlyCount "49"]
[EventDate "2008.07.??"]
[EventType "swiss"]
[EventRounds "9"]
[EventCountry "RUS"]
[SourceTitle "EXT 2009"]
[Source "ChessBase"]
[SourceDate "2008.11.26"]
[SourceVersion "1"]
[SourceVersionDate "2008.11.26"]
[SourceQuality "1"]

1. e4 c5 2. Nf3 d6 3. c3 Nf6 4. Bd3 g6 5. 0-0 Bg7 6. Bc2 0-0 7. d4 cxd4 8. cxd4 Nc6 9. Nc3 Bg4 10. Be3 Nd7 11. Qd2 Bxf3 12. gxf3 Qa5 13. f4 Rac8 14. Rad1 Rfd8 15. Bb3 Qh5 16. Qe2 Qxe2 17. Nxe2 Na5 18. Rd3 Nb6 19. Bd1 d5 20. e5 f5 21. Bd2 Nc6 22. b3 e6 23. Bc1 Bf8 24. Rd2 a5 25. a3 1/2-1/2

[Event "Kostroma Volga Cup op"]
[Site "Kostroma"]
[Date "2008.07.??"]
[Round "5"]
[White "Okrugin, Sergey"]
[Black "Malygin, Alexander"]
[Result "1-0"]
[WhiteElo "2354"]
[BlackElo "2164"]
[PlyCount "67"]
[EventDate "2008.07.??"]
[EventType "swiss"]
[EventRounds "9"]
[EventCountry "RUS"]
[SourceTitle "EXT 2009"]
[Source "ChessBase"]
[SourceDate "2008.11.26"]
[SourceVersion "1"]
[SourceVersionDate "2008.11.26"]
[SourceQuality "1"]

1. e4 e5 2. Nf3 Nf6 3. Nc3 Bb4 4. Nxe5 0-0 5. Nd3 Bxc3 6. dxc3 Nxe4 7. Nf4 Re8 8. Be3 Nc6 9. Qf3 Ng5 10. Qh5 Ne5 11. 0-0-0 d6 12. h3 c6 13. Nd3 Nxd3+ 14. Bxd3 h6 15. Rhe1 Bd7 16. h4 Ne6 17. g4 Qf6 18. g5 Nf4 19. gxf6 Nxh5 20. fxg7 Bg4 21. Rd2 Re6 22. Rg1 f5 23. b4 Rae8 24. Bxa7 Re1+ 25. Rxe1 Rxe1+ 26. Kb2 Kxg7 27. f3 Bxf3 28. Bxf5 d5 29. Bd4+ Kg8 30. Rf2 Bh1 31. Bg6 Ng3 32. Rf7 Ne4 33. Rxb7 Kf8 34. Bg7+ 1-0